[Event "Tatry op"]
[Site "Tatranska Lomnica"]
[Date "2017.10.11"]
[Round "5"]
[White "Zamarsky, Petr"]
[Black "Dzikowski, Michal"]
[Result "0-1"]
[WhiteElo "1580"]
[BlackElo "2147"]
[PlyCount "72"]
[EventDate "2017.10.08"]
[EventType "swiss"]
[EventRounds "9"]
[EventCountry "SVK"]
[SourceTitle "CBM 181 Extra"]
[Source "ChessBase"]
[SourceDate "2017.12.12"]
[SourceVersion "1"]
[SourceVersionDate "2017.12.12"]
[SourceQuality "1"]

1. d4 Nf6 2. Bf4 d5 3. e3 c5 4. c3 Nc6 5. Nd2 e6 6. Ngf3 Be7 7. Ne5 Nxe5 8. dxe5 Nd7 9. Bd3 Qc7 10. Nf3 b6 11. Qe2 Bb7 12. e4 c4 13. Bc2 Nc5 14. exd5 Bxd5 15. 0-0-0 0-0-0 16. Rhe1 h6 17. h4 Qb7 18. h5 b5 19. Bd2 Nd3+ 20. Bxd3 cxd3 21. Qxd3 Bb3 22. Qe2 Bxd1 23. Rxd1 a6 24. g4 Qd5 25. Nd4 Bc5 26. Nb3 Bb6 27. f4 Qd3 28. Qg2 Rd5 29. g5 g6 30. hxg6 Qxg6 31. Qh1 Qh7 32. gxh6 Qxh6 33. Qg2 Qg6 34. Qxg6 fxg6 35. Kc2 Rh2 36. Kc1 a5 0-1